[Event "Paul Keres mem (28th)"]
[Site "Vancouver CAN"]
[Date "2003.05.18"]
[Round "5"]
[White "Bouvier, Jesse"]
[Black "Kosinski, George"]
[Result "1-0"]
[WhiteElo "2081"]
[BlackElo "2001"]
[PlyCount "105"]
[EventDate "2003.05.16"]
[EventType "swiss"]
[EventRounds "7"]
[EventCountry "CAN"]
[Source "Mark Crowther"]
[SourceDate "2003.05.26"]

1. e4 d6 2. d4 Nf6 3. Nc3 g6 4. Be3 c6 5. f3 b5 6. Qd2 Nbd7 7. g4 Nb6 8. g5
Nfd7 9. d5 Ne5 10. dxc6 Nbc4 11. Bxc4 Nxc4 12. Qd4 e5 13. Qd3 Nxe3 14. Qxe3 Be7
15. Nd5 Bxg5 16. c7 Bh4+ 17. Kf1 Qg5 18. Qxg5 Bxg5 19. a4 Be6 20. axb5 Bxd5 21.
exd5 Kd7 22. Ra6 Be3 23. Ke2 Bb6 24. Nh3 Rac8 25. c4 Rxc7 26. b3 f6 27. Nf2
Bxf2 28. Kxf2 Rb8 29. Rha1 Rbb7 30. Rc6 Ke7 31. Raa6 Rd7 32. Rc8 Kf7 33. Ke3 f5
34. Kd3 g5 35. Ke3 h5 36. Rh8 h4 37. Rh6 Kg7 38. Rhxd6 Rxd6 39. Rxd6 g4 40.
fxg4 fxg4 41. Kf2 Rf7+ 42. Kg2 Rf3 43. c5 Rxb3 44. c6 Rb2+ 45. Kg1 Rb1+ 46. Kf2
Rb2+ 47. Ke3 g3 48. hxg3 hxg3 49. Rd7+ Kh6 50. Rxa7 g2 51. Ra1 Rxb5 52. c7 Ra5
53. Rg1 1-0

[Event "Paul Keres mem (28th)"]
[Site "Vancouver CAN"]
[Date "2003.05.18"]
[Round "5"]
[White "Chan, James"]
[Black "Beqo, Besnik"]
[Result "0-1"]
[WhiteElo "1965"]
[BlackElo "2211"]
[PlyCount "50"]
[EventDate "2003.05.16"]
[EventType "swiss"]
[EventRounds "7"]
[EventCountry "CAN"]
[Source "Mark Crowther"]
[SourceDate "2003.05.26"]

1. d4 d5 2. c4 c6 3. Nc3 Nf6 4. Nf3 dxc4 5. a4 Bf5 6. e3 e6 7. Bxc4 Bb4 8. O-O
Nbd7 9. Nh4 O-O 10. Nxf5 exf5 11. Qb3 Qe7 12. Rd1 Rad8 13. Bf1 h5 14. Qc2 g6
15. h4 Bd6 16. g3 Rfe8 17. Bg2 Ne4 18. Nxe4 fxe4 19. Qe2 Nf6 20. Bh3 Nd5 21.
Bd2 Qc7 22. Kh2 Kg7 23. a5 a6 24. Ra4 Qe7 25. Rc1 Qxh4 0-1

[Event "Paul Keres mem (28th)"]
[Site "Vancouver CAN"]
[Date "2003.05.18"]
[Round "5"]
[White "Ferguson, Jim"]
[Black "Chapman, Erik"]
[Result "1-0"]
[WhiteElo "2186"]
[BlackElo "2021"]
[PlyCount "63"]
[EventDate "2003.05.16"]
[EventType "swiss"]
[EventRounds "7"]
[EventCountry "CAN"]
[Source "Mark Crowther"]
[SourceDate "2003.05.26"]

1. e4 c5 2. Nf3 Nc6 3. Bb5 g6 4. Bxc6 bxc6 5. O-O Bg7 6. Re1 e5 7. d3 d6 8. c3
Bg4 9. Nbd2 Ne7 10. h3 Bd7 11. Nf1 Qb6 12. Qe2 Rb8 13. Ne3 Be6 14. Ng5 Bc8 15.
Nc4 Qc7 16. f4 f6 17. fxe5 dxe5 18. Nf3 Ba6 19. Be3 Bxc4 20. dxc4 Qa5 21. Qf2
Qa6 22. Bxc5 Qxc4 23. Bxe7 Kxe7 24. Qxa7+ Ke6 25. Qxg7 Rbg8 26. Qh6 g5 27. Qh5
Rb8 28. Qg4+ Ke7 29. Rad1 Rb7 30. Kh1 h5 31. Qf5 Qxa2 32. Nxe5 1-0

[Event "Paul Keres mem (28th)"]
[Site "Vancouver CAN"]
[Date "2003.05.18"]
[Round "5"]
[White "Fullbrook, Nigel"]
[Black "Franett, Michael"]
[Result "1/2-1/2"]
[WhiteElo "2175"]
[BlackElo "2095"]
[PlyCount "31"]
[EventDate "2003.05.16"]
[EventType "swiss"]
[EventRounds "7"]
[EventCountry "CAN"]
[Source "Mark Crowther"]
[SourceDate "2003.05.26"]

1. e4 d6 2. d4 Nf6 3. Nc3 e5 4. dxe5 dxe5 5. Qxd8+ Kxd8 6. Bg5 Be6 7. O-O-O+
Nbd7 8. f4 exf4 9. Bxf4 c6 10. Nf3 Bb4 11. Bd3 Ke7 12. Bd2 Rhe8 13. Nd4 Kf8 14.
Rde1 Ne5 15. a3 Bd6 16. Nxe6+ 1/2-1/2

[Event "Paul Keres mem (28th)"]
[Site "Vancouver CAN"]
[Date "2003.05.18"]
[Round "5"]
[White "Harris, Philip"]
[Black "Steininger, Gavin"]
[Result "1/2-1/2"]
[WhiteElo "1998"]
[BlackElo "1859"]
[PlyCount "50"]
[EventDate "2003.05.16"]
[EventType "swiss"]
[EventRounds "7"]
[EventCountry "CAN"]
[Source "Mark Crowther"]
[SourceDate "2003.05.26"]

1. e4 c5 2. c3 d5 3. exd5 Qxd5 4. d4 Nf6 5. Nf3 e6 6. Be2 Be7 7. O-O O-O 8. Be3
cxd4 9. cxd4 Nc6 10. Nc3 Qd6 11. Qd2 a6 12. Rad1 b5 13. Bf4 Qd7 14. Ne5 Nxe5
15. dxe5 Qxd2 16. Rxd2 Nd7 17. Bf3 Rb8 18. Ne4 Nb6 19. Nd6 Bxd6 20. exd6 Bd7
21. Rc1 Rfc8 22. Rdc2 Rxc2 23. Rxc2 Rc8 24. Rc7 Rxc7 25. dxc7 Bc8 1/2-1/2

[Event "Paul Keres mem (28th)"]
[Site "Vancouver CAN"]
[Date "2003.05.18"]
[Round "5"]
[White "Jung, William"]
[Black "Kerry, James"]
[Result "0-1"]
[WhiteElo "1808"]
[BlackElo "2016"]
[PlyCount "44"]
[EventDate "2003.05.16"]
[EventType "swiss"]
[EventRounds "7"]
[EventCountry "CAN"]
[Source "Mark Crowther"]
[SourceDate "2003.05.26"]

1. e4 c5 2. f4 d5 3. exd5 Nf6 4. c4 e6 5. dxe6 Bxe6 6. Nc3 Nc6 7. h3 Be7 8. g3
Bf5 9. d3 Nb4 10. Rh2 Nxd3+ 11. Bxd3 Qxd3 12. Qxd3 Bxd3 13. b3 O-O-O 14. Rd2
Rhe8 15. Kf2 Be4 16. Rxd8+ Rxd8 17. Be3 Bc6 18. Nge2 Rd3 19. g4 Nxg4+ 20. hxg4
Bh4+ 21. Kg1 Rxe3 22. Rc1 Bf3 0-1

[Event "Paul Keres mem (28th)"]
[Site "Vancouver CAN"]
[Date "2003.05.18"]
[Round "5"]
[White "Krzyzowski, Ernest"]
[Black "Collins, Casey"]
[Result "1/2-1/2"]
[WhiteElo "1811"]
[BlackElo "1683"]
[PlyCount "128"]
[EventDate "2003.05.16"]
[EventType "swiss"]
[EventRounds "7"]
[EventCountry "CAN"]
[Source "Mark Crowther"]
[SourceDate "2003.05.26"]

1. c4 Nf6 2. Nc3 g6 3. e4 e5 4. d3 Bg7 5. Bg5 O-O 6. Nd5 c6 7. Nxf6+ Bxf6 8.
Bh6 Re8 9. Qd2 d5 10. O-O-O Be6 11. Nf3 a5 12. h4 d4 13. Ng5 Bg7 14. Nxe6 Rxe6
15. h5 Bxh6 16. Qxh6 Qf8 17. Qxf8+ Kxf8 18. hxg6 hxg6 19. Rh8+ Kg7 20. Rd8 b5
21. cxb5 cxb5 22. Be2 Rea6 23. Rh1 Nc6 24. Rxa8 Rxa8 25. Kd2 Rc8 26. Rc1 Ne7
27. Rf1 f5 28. f4 exf4 29. exf5 g5 30. g4 Nd5 31. Rh1 Ne3 32. Bd1 Rh8 33. Rxh8
Kxh8 34. Bf3 Kg7 35. Ke2 Kf6 36. Kf2 Ke5 37. Be2 b4 38. Kf3 a4 39. a3 b3 40.
Kf2 Nc2 41. Bd1 Ne3 42. Bf3 Nc2 43. Bc6 Nxa3 44. Bxa4 Nc2 45. Bxb3 Nb4 46. Bc4
Kf6 47. Kf3 Ke5 48. Bb5 Nc2 49. Ba4 Nb4 50. Ke2 Kf6 51. Kd2 Ke5 52. Bd1 Kf6 53.
Be2 Ke5 54. b3 Nd5 55. Kc2 Nb4+ 56. Kb2 f3 57. Bxf3 Nxd3+ 58. Ka3 Ne1 59. Bd1
d3 60. Kb2 Ng2 61. Kc3 Nf4 62. b4 Nd5+ 63. Kxd3 Nxb4+ 64. Kc4 Nd5 1/2-1/2

[Event "Paul Keres mem (28th)"]
[Site "Vancouver CAN"]
[Date "2003.05.18"]
[Round "5"]
[White "Leblanc, Paul"]
[Black "Stanford, Mike"]
[Result "0-1"]
[WhiteElo "2000"]
[BlackElo "2192"]
[PlyCount "78"]
[EventDate "2003.05.16"]
[EventType "swiss"]
[EventRounds "7"]
[EventCountry "CAN"]
[Source "Mark Crowther"]
[SourceDate "2003.05.26"]

1. d4 Nf6 2. e3 e6 3. Bd3 c5 4. c3 b6 5. Nf3 Bb7 6. Nbd2 d5 7. Ne5 Nbd7 8. f4
Bd6 9. Ndf3 h6 10. Bd2 a6 11. O-O Ne4 12. Be1 Qc7 13. c4 cxd4 14. exd4 dxc4 15.
Rc1 b5 16. b3 c3 17. Bxe4 Bxe4 18. Rxc3 Qb7 19. Qc1 O-O 20. Nxd7 Qxd7 21. Qe3
Qb7 22. Bg3 Rfd8 23. Rfc1 Ba3 24. Rd1 Qd5 25. Bf2 Rac8 26. Bh4 Re8 27. Re1 Rxc3
28. Qxc3 Bxf3 29. gxf3 Qd6 30. Qe3 Rc8 31. Re2 Bc1 32. Qe5 Bxf4 33. Qxd6 Bxd6
34. Bg3 Bb4 35. Bf2 Kf8 36. Kg2 Be7 37. f4 Rc3 38. Be3 Bf6 39. Kf3 Bxd4 0-1

[Event "Paul Keres mem (28th)"]
[Site "Vancouver CAN"]
[Date "2003.05.18"]
[Round "5"]
[White "Mandic, Slaven"]
[Black "McCusky, Louis"]
[Result "1-0"]
[WhiteElo "2037"]
[BlackElo "1527"]
[PlyCount "83"]
[EventDate "2003.05.16"]
[EventType "swiss"]
[EventRounds "7"]
[EventCountry "CAN"]
[Source "Mark Crowther"]
[SourceDate "2003.05.26"]

1. f4 c5 2. b3 d5 3. e3 Nf6 4. Nf3 a6 5. Bb2 e6 6. Bd3 h6 7. O-O Be7 8. Nc3 Nc6
9. Ne2 Nb4 10. Ng3 Nxd3 11. cxd3 O-O 12. Ne5 d4 13. e4 Bd7 14. Nh5 Nxh5 15.
Qxh5 Be8 16. Qh3 Kh7 17. g4 Bd6 18. Nc4 b5 19. Na3 e5 20. f5 Be7 21. Nc2 Rc8
22. Ne1 Bg5 23. Nf3 f6 24. Qg2 Bf4 25. h4 Rg8 26. h5 Bf7 27. Rf2 g6 28. hxg6+
Bxg6 29. fxg6+ Rxg6 30. Nh4 Rg8 31. Nf5 Qf8 32. Qh3 Rg6 33. Rc1 b4 34. a3 a5
35. Kg2 Qg8 36. Rc4 Rxg4+ 37. Kf3 Qg5 38. Qxg4 Qxg4+ 39. Kxg4 Rg8+ 40. Kf3 Rc8
41. axb4 axb4 42. Bxd4 1-0

[Event "Paul Keres mem (28th)"]
[Site "Vancouver CAN"]
[Date "2003.05.18"]
[Round "5"]
[White "Neufahrt, Gerhard"]
[Black "Davies, Lucas"]
[Result "1-0"]
[WhiteElo "2044"]
[BlackElo "1980"]
[PlyCount "55"]
[EventDate "2003.05.16"]
[EventType "swiss"]
[EventRounds "7"]
[EventCountry "CAN"]
[Source "Mark Crowther"]
[SourceDate "2003.05.26"]

1. d4 Nf6 2. Nf3 e6 3. Bf4 d5 4. e3 c5 5. Nbd2 Nc6 6. c3 Be7 7. Bd3 O-O 8. Ne5
Nd7 9. Nxc6 bxc6 10. Nf3 cxd4 11. exd4 Qb6 12. Qe2 a5 13. h4 Rd8 14. Bxh7+ Kxh7
15. Ng5+ Kg8 16. Qh5 Nf6 17. Qxf7+ Kh8 18. Qxe7 Ba6 19. O-O-O Re8 20. Qf7 Be2
21. h5 Ra7 22. Qg6 Bxd1 23. h6 Kg8 24. Nh7 Nh5 25. Rxd1 Ree7 26. g4 Nxf4 27.
Nf6+ Kf8 28. hxg7+ 1-0

[Event "Paul Keres mem (28th)"]
[Site "Vancouver CAN"]
[Date "2003.05.18"]
[Round "5"]
[White "Orlov, Georgi"]
[Black "Yoos, John"]
[Result "1-0"]
[WhiteElo "2583"]
[BlackElo "2426"]
[PlyCount "50"]
[EventDate "2003.05.16"]
[EventType "swiss"]
[EventRounds "7"]
[EventCountry "CAN"]
[Source "Mark Crowther"]
[SourceDate "2003.05.26"]

1. d4 d5 2. Nf3 Nc6 3. e3 Bg4 4. c4 e6 5. a3 Nf6 6. Nbd2 a6 7. Be2 Be7 8. O-O
O-O 9. b4 Re8 10. Bb2 Bf8 11. Rc1 Ne7 12. Ne5 Bxe2 13. Qxe2 Ng6 14. f4 Ne7 15.
Ndf3 h6 16. Ng5 hxg5 17. fxg5 Nh7 18. Nxf7 Qc8 19. Ne5 g6 20. Qf3 Nf5 21. cxd5
Bd6 22. Nxg6 Nxg5 23. Qg4 Qd8 24. dxe6 Nxe3 25. Qh5 Re7 1-0

[Event "Paul Keres mem (28th)"]
[Site "Vancouver CAN"]
[Date "2003.05.18"]
[Round "5"]
[White "Oszvald, Joseph"]
[Black "Stephens, Desmond"]
[Result "1-0"]
[WhiteElo "2097"]
[BlackElo "1761"]
[PlyCount "87"]
[EventDate "2003.05.16"]
[EventType "swiss"]
[EventRounds "7"]
[EventCountry "CAN"]
[Source "Mark Crowther"]
[SourceDate "2003.05.26"]

1. c4 e5 2. Nc3 d6 3. g3 g6 4. Bg2 Bg7 5. e3 Nc6 6. Nge2 Nf6 7. d4 exd4 8. exd4
O-O 9. O-O Ne7 10. b4 c6 11. a4 b6 12. b5 Bb7 13. Ba3 Qd7 14. Rc1 Rad8 15. Nf4
cxb5 16. Nxb5 Nc8 17. Bh3 Qe7 18. Re1 Ne4 19. f3 a6 20. fxe4 axb5 21. axb5 Rfe8
22. e5 f5 23. e6 Be4 24. Bg2 Qf6 25. Bb2 Bh6 26. Bxe4 fxe4 27. Rxe4 Rf8 28. Qe2
Ne7 29. d5 Qf5 30. Rf1 Ra8 31. Nd3 Qxf1+ 32. Qxf1 Rxf1+ 33. Kxf1 Ra4 34. g4 Bf8
35. Nf2 Bh6 36. Bf6 Kf8 37. Bd4 Nc8 38. h4 Ke8 39. g5 Bf8 40. Be3 Bg7 41. Ng4
Ne7 42. Nf6+ Bxf6 43. gxf6 Nxd5 44. f7+ 1-0

[Event "Paul Keres mem (28th)"]
[Site "Vancouver CAN"]
[Date "2003.05.18"]
[Round "5"]
[White "Pacheco, Sigfrido"]
[Black "Griffiths, Morgan"]
[Result "0-1"]
[WhiteElo "2115"]
[BlackElo "2181"]
[PlyCount "64"]
[EventDate "2003.05.16"]
[EventType "swiss"]
[EventRounds "7"]
[EventCountry "CAN"]
[Source "Mark Crowther"]
[SourceDate "2001.05.14"]

1. e4 d6 2. d4 Nf6 3. Nc3 g6 4. f4 Bg7 5. Nf3 c5 6. dxc5 Qa5 7. Bd3 Qxc5 8. Qe2
O-O 9. Be3 Qa5 10. Bd2 Bg4 11. h3 Bxf3 12. Qxf3 Nc6 13. g4 Rfc8 14. g5 Nd7 15.
Nd5 Qd8 16. c3 a6 17. h4 b5 18. h5 b4 19. hxg6 hxg6 20. Qh3 Nb6 21. cxb4 Na4
22. Rb1 Kf8 23. f5 Ne5 24. f6 exf6 25. gxf6 Bxf6 26. Bg5 Nxd3+ 27. Qxd3 Bc3+
28. Nxc3 Qxg5 29. Rh8+ Kg7 30. Rxc8 Rxc8 31. Qd4+ Kg8 32. Ne2 Rc2 0-1

[Event "Paul Keres mem (28th)"]
[Site "Vancouver CAN"]
[Date "2003.05.18"]
[Round "5"]
[White "Poitras, Luc"]
[Black "Fleming, Balin"]
[Result "0-1"]
[WhiteElo "2233"]
[BlackElo "1974"]
[PlyCount "52"]
[EventDate "2003.05.16"]
[EventType "swiss"]
[EventRounds "7"]
[EventCountry "CAN"]
[Source "Mark Crowther"]
[SourceDate "2003.05.26"]

1. e4 c5 2. Nf3 d6 3. d4 cxd4 4. Nxd4 Nf6 5. Nc3 g6 6. f3 Bg7 7. Be3 Nc6 8. Qd2
Bd7 9. Bc4 Rc8 10. Bb3 Ne5 11. O-O-O a6 12. Kb1 b5 13. Bg5 b4 14. Nce2 a5 15.
c3 a4 16. Bc2 bxc3 17. Nxc3 Nc4 18. Qe1 Qb6 19. Nxa4 Na3+ 20. Kc1 Bxa4 21. bxa3
Qc5 22. Bxf6 Bxf6 23. Qb4 Qxb4 24. axb4 Bxd4 25. Rxd4 Rxc2+ 26. Kb1 Rxg2 0-1

[Event "Paul Keres mem (28th)"]
[Site "Vancouver CAN"]
[Date "2003.05.18"]
[Round "5"]
[White "Tang, Edward"]
[Black "Niksic, John"]
[Result "1-0"]
[WhiteElo "1855"]
[BlackElo "2058"]
[PlyCount "51"]
[EventDate "2003.05.16"]
[EventType "swiss"]
[EventRounds "7"]
[EventCountry "CAN"]
[Source "Mark Crowther"]
[SourceDate "2003.05.26"]

1. e4 e6 2. d4 d5 3. Nd2 Nf6 4. e5 Nfd7 5. Bd3 c5 6. c3 Nc6 7. Ne2 a5 8. O-O a4
9. a3 Qb6 10. Nf3 Be7 11. Rb1 Qa7 12. Bg5 Bxg5 13. Nxg5 cxd4 14. cxd4 Nxd4 15.
Nxd4 Qxd4 16. Nxf7 Rf8 17. Nd6+ Ke7 18. Nb5 Qxe5 19. Re1 Qf4 20. Qc2 Nf6 21. g3
Qb8 22. Bxh7 Nxh7 23. Qxh7 Rf7 24. Rbc1 Bd7 25. Nc7 Ra5 26. Qh4+ 1-0

[Event "Paul Keres mem (28th)"]
[Site "Vancouver CAN"]
[Date "2003.05.18"]
[Round "5"]
[White "Tegzes, Laszlo"]
[Black "Meng, Fanhao"]
[Result "0-1"]
[WhiteElo "2178"]
[BlackElo "2211"]
[PlyCount "56"]
[EventDate "2003.05.16"]
[EventType "swiss"]
[EventRounds "7"]
[EventCountry "CAN"]
[Source "Mark Crowther"]
[SourceDate "2003.05.26"]

1. e4 e5 2. Nf3 Nc6 3. Bc4 Bc5 4. O-O Nf6 5. d3 d6 6. c3 h6 7. h3 O-O 8. b4 Bb6
9. Na3 Ne7 10. Nc2 c6 11. Bb3 Ng6 12. Be3 Bc7 13. Qd2 d5 14. exd5 cxd5 15. Bc5
Re8 16. b5 b6 17. Bb4 Nf4 18. c4 e4 19. dxe4 Nxe4 20. Qd1 Qf6 21. Ne3 Qg6 22.
Kh1 Bxh3 23. Nh4 Qg5 24. g3 Bxf1 25. Qxf1 Nh3 26. Be1 Nexf2+ 27. Bxf2 Nxf2+ 28.
Qxf2 Bxg3 0-1

[Event "Paul Keres mem (28th)"]
[Site "Vancouver CAN"]
[Date "2003.05.19"]
[Round "6"]
[White "Basanta, Gary"]
[Black "Wu, Howard"]
[Result "1-0"]
[WhiteElo "2410"]
[BlackElo "2136"]
[PlyCount "29"]
[EventDate "2003.05.16"]
[EventType "swiss"]
[EventRounds "7"]
[EventCountry "CAN"]
[Source "Mark Crowther"]
[SourceDate "2003.05.26"]

1. e4 c5 2. Nf3 Nc6 3. b4 cxb4 4. d4 d5 5. exd5 Qxd5 6. c4 bxc3 7. Nxc3 Qa5 8.
d5 Bg4 9. dxc6 Qxc3+ 10. Bd2 Qxc6 11. Rc1 Bxf3 12. gxf3 Qe6+ 13. Be3 Nf6 14.
Bb5+ Nd7 15. Rc7 1-0

[Event "Paul Keres mem (28th)"]
[Site "Vancouver CAN"]
[Date "2003.05.19"]
[Round "6"]
[White "Beqo, Besnik"]
[Black "Tegzes, Laszlo"]
[Result "0-1"]
[WhiteElo "2211"]
[BlackElo "2178"]
[PlyCount "187"]
[EventDate "2003.05.16"]
[EventType "swiss"]
[EventRounds "7"]
[EventCountry "CAN"]
[Source "Mark Crowther"]
[SourceDate "2003.05.26"]

1. e4 c5 2. Nf3 e6 3. d4 cxd4 4. Nxd4 Nf6 5. Nc3 Nc6 6. Ndb5 d6 7. Bf4 e5 8.
Bg5 a6 9. Na3 b5 10. Bxf6 gxf6 11. Nd5 f5 12. Bd3 Be6 13. c3 Bg7 14. Qh5 f4 15.
Nc2 Ne7 16. Ncb4 Bxd5 17. Nxd5 Nxd5 18. exd5 h6 19. O-O Qg5 20. Qxg5 hxg5 21.
a4 Rb8 22. axb5 axb5 23. Ra6 Rh6 24. b4 e4 25. Bxe4 Bxc3 26. Rb1 Ke7 27. h3
Rbh8 28. Rb3 Be5 29. Kf1 Rb8 30. Ke2 Rhh8 31. Bd3 Rb7 32. Ra5 Rhb8 33. Kf3 Kf6
34. Ke4 Kg6 35. Kf3+ Kf6 36. Kg4 Bd4 37. g3 Bxf2 38. gxf4 gxf4 39. Kxf4 Bd4 40.
Be2 Be5+ 41. Ke4 Kg5 42. Rf3 Rh8 43. Rf5+ Kg6 44. Ra6 Re7 45. Bg4 Bc3+ 46. Kd3
Bxb4 47. Rb6 Re3+ 48. Kxe3 Bc5+ 49. Kf4 Bxb6 50. Kg3 Bd4 51. h4 Be5+ 52. Kh3
Ra8 53. Rg5+ Kf6 54. Rf5+ Ke7 55. Bh5 Ra3+ 56. Kg2 Bf6 57. Be2 b4 58. Rf4 b3
59. Rb4 b2 60. h5 Be5 61. Rb8 Rg3+ 62. Kf2 Rh3 63. Kg1 Rh4 64. Bf3 Kf6 65. Rb7
Kg5 66. Kf2 Rh2+ 67. Kg1 Rc2 68. Be4 Rc1+ 69. Kf2 Kxh5 70. Ke2 Kg5 71. Bd3 f5
72. Rb3 f4 73. Rb8 Bd4 74. Kf3 Rd1 75. Ke4 Be5 76. Bc2 Rd4+ 77. Kf3 Rxd5 78.
Rg8+ Kf6 79. Rg1 Rc5 80. Bd3 Rc1 81. Rg6+ Kf7 82. Rg2 b1=Q 83. Bxb1 Rxb1 84.
Ke4 Kf6 85. Ra2 Rb4+ 86. Kf3 Kf5 87. Ra8 Rb3+ 88. Ke2 Ke4 89. Ra4+ Bd4 90. Ra8
Rb2+ 91. Ke1 f3 92. Kd1 f2 93. Rf8 Rb1+ 94. Ke2 0-1

[Event "Paul Keres mem (28th)"]
[Site "Vancouver CAN"]
[Date "2003.05.19"]
[Round "6"]
[White "Collins, Casey"]
[Black "Azmitia, Eduardo"]
[Result "0-1"]
[WhiteElo "1683"]
[BlackElo "1794"]
[PlyCount "36"]
[EventDate "2003.05.16"]
[EventType "swiss"]
[EventRounds "7"]
[EventCountry "CAN"]
[Source "Mark Crowther"]
[SourceDate "2003.05.26"]

1. d4 Nf6 2. c4 e6 3. Nf3 b6 4. g3 Bb7 5. Bg2 Bb4+ 6. Bd2 Bxd2+ 7. Nbxd2 O-O 8.
O-O d5 9. cxd5 Bxd5 10. Qc2 Nbd7 11. e3 Rc8 12. Ne1 Bxg2 13. Nxg2 c5 14. Qa4
cxd4 15. Qxd4 Nc5 16. Qxd8 Rfxd8 17. Rfd1 Nd3 18. b3 Nb2 0-1

[Event "Paul Keres mem (28th)"]
[Site "Vancouver CAN"]
[Date "2003.05.19"]
[Round "6"]
[White "Fleming, Balin"]
[Black "Fullbrook, Nigel"]
[Result "1/2-1/2"]
[WhiteElo "1974"]
[BlackElo "2175"]
[PlyCount "41"]
[EventDate "2003.05.16"]
[EventType "swiss"]
[EventRounds "7"]
[EventCountry "CAN"]
[Source "Mark Crowther"]
[SourceDate "2003.05.26"]

1. e4 d6 2. d4 Nf6 3. Nc3 g6 4. Bc4 Bg7 5. f3 c6 6. Be3 b5 7. Bb3 b4 8. Na4
Nbd7 9. a3 bxa3 10. Rxa3 O-O 11. Ne2 Qc7 12. O-O Ba6 13. Nac3 Bxe2 14. Qxe2
Rfb8 15. Rfa1 e6 16. d5 exd5 17. Rxa7 Rxa7 18. Rxa7 Rb7 19. Ra8+ Rb8 20. Ra7
Rb7 21. Ra8+ 1/2-1/2

[Event "Paul Keres mem (28th)"]
[Site "Vancouver CAN"]
[Date "2003.05.19"]
[Round "6"]
[White "Franett, Michael"]
[Black "Oszvald, Joseph"]
[Result "0-1"]
[WhiteElo "2095"]
[BlackElo "2097"]
[PlyCount "60"]
[EventDate "2003.05.16"]
[EventType "swiss"]
[EventRounds "7"]
[EventCountry "CAN"]
[Source "Mark Crowther"]
[SourceDate "2003.05.26"]

1. d4 g6 2. c4 Bg7 3. e4 c5 4. d5 d6 5. f4 e5 6. Qc2 Ne7 7. Bd3 O-O 8. fxe5
dxe5 9. Nf3 Na6 10. a3 f5 11. Bg5 h6 12. Bxe7 Qxe7 13. Nc3 f4 14. O-O-O Nc7 15.
Be2 Ne8 16. Ne1 Bd7 17. Nd3 Rc8 18. Nf2 Nd6 19. Kb1 a6 20. Rc1 b5 21. cxb5 axb5
22. Na2 Qh4 23. Rcf1 g5 24. h3 Qg3 25. Rhg1 b4 26. Bf3 bxa3 27. bxa3 Nb5 28.
Qd3 c4 29. Qe2 Rb8 30. Kc1 Nd4 0-1

[Event "Paul Keres mem (28th)"]
[Site "Vancouver CAN"]
[Date "2003.05.19"]
[Round "6"]
[White "Kerry, James"]
[Black "Davies, Lucas"]
[Result "0-1"]
[WhiteElo "2016"]
[BlackElo "1980"]
[PlyCount "54"]
[EventDate "2003.05.16"]
[EventType "swiss"]
[EventRounds "7"]
[EventCountry "CAN"]
[Source "Mark Crowther"]
[SourceDate "2003.05.26"]

1. e4 c6 2. d4 d5 3. Nc3 dxe4 4. Nxe4 Nd7 5. Bc4 Ngf6 6. Ng5 e6 7. Qe2 Nb6 8.
Bb3 h6 9. N5f3 Be7 10. c3 O-O 11. Ne5 c5 12. Ngf3 cxd4 13. Nxd4 Bc5 14. Nxf7
Rxf7 15. Nxe6 Bxe6 16. Bxe6 Qe7 17. O-O Re8 18. Bxf7+ Qxf7 19. Be3 Nbd5 20. Qb5
Nxe3 21. fxe3 Bxe3+ 22. Kh1 Bb6 23. c4 Rc8 24. b3 Rc5 25. Qb4 Qc7 26. Qc3 Rh5
27. g3 Ng4 0-1

[Event "Paul Keres mem (28th)"]
[Site "Vancouver CAN"]
[Date "2003.05.19"]
[Round "6"]
[White "Kosinski, George"]
[Black "Krzyzowski, Ernest"]
[Result "1-0"]
[WhiteElo "2001"]
[BlackElo "1811"]
[PlyCount "77"]
[EventDate "2003.05.16"]
[EventType "swiss"]
[EventRounds "7"]
[EventCountry "CAN"]
[Source "Mark Crowther"]
[SourceDate "2003.05.26"]

1. e4 Nf6 2. Nc3 d5 3. e5 d4 4. exf6 dxc3 5. fxe7 cxd2+ 6. Bxd2 Qxe7+ 7. Qe2
Be6 8. Bc3 Nd7 9. Nf3 f6 10. Nd4 Bd5 11. Qxe7+ Bxe7 12. Nb5 Kd8 13. O-O-O c6
14. Kb1 Kc8 15. f3 Nb6 16. Nd4 Rd8 17. Be2 Nc4 18. Nf5 Bf8 19. Rhe1 Kc7 20. b3
Na3+ 21. Kb2 Nb5 22. Bxb5 cxb5 23. Nxg7 Bxg7 24. Re7+ Rd7 25. Rxd7+ Kxd7 26.
Rxd5+ Kc6 27. Rh5 h6 28. Kc1 Re8 29. g4 Re3 30. Bd2 Rxf3 31. Bxh6 Bxh6+ 32.
Rxh6 Kc5 33. Rh7 a5 34. Rf7 b6 35. g5 f5 36. h4 a4 37. h5 Kb4 38. g6 axb3 39.
cxb3 1-0

[Event "Paul Keres mem (28th)"]
[Site "Vancouver CAN"]
[Date "2003.05.19"]
[Round "6"]
[White "Leblanc, Paul"]
[Black "North, Robert"]
[Result "0-1"]
[WhiteElo "2000"]
[BlackElo "2156"]
[PlyCount "84"]
[EventDate "2003.05.16"]
[EventType "swiss"]
[EventRounds "7"]
[EventCountry "CAN"]
[Source "Mark Crowther"]
[SourceDate "2003.05.26"]

1. d4 Nf6 2. e3 g6 3. Bd3 d5 4. Nd2 Bg7 5. f4 b6 6. Ngf3 Bb7 7. O-O e6 8. Ne5
O-O 9. c3 Ne4 10. Qf3 f6 11. Ng4 Nxd2 12. Bxd2 e5 13. Qg3 e4 14. Be2 Bc8 15. c4
c6 16. Bb4 Rf7 17. f5 g5 18. Qh3 a5 19. Ba3 Na6 20. Nh6+ Bxh6 21. Qxh6 Nb4 22.
Bxb4 axb4 23. h4 Rg7 24. hxg5 Rxg5 25. g4 Ra7 26. cxd5 cxd5 27. Rac1 Bd7 28.
Ra1 Qf8 29. Qh2 h5 30. Rf4 Qg7 31. Qh3 Bxf5 32. Kh1 Bxg4 33. Bxg4 hxg4 34. Qg3
f5 35. Rc1 Rc7 36. Rcf1 Rf7 37. Rc1 Rh5+ 38. Kg1 Rh3 39. Qg2 Rc7 40. Rxc7 Qxc7
41. Qd2 Qh7 42. Qg2 Qh4 0-1

[Event "Paul Keres mem (28th)"]
[Site "Vancouver CAN"]
[Date "2003.05.19"]
[Round "6"]
[White "Mandic, Slaven"]
[Black "Moura, Eduardo"]
[Result "1/2-1/2"]
[WhiteElo "2037"]
[BlackElo "2146"]
[PlyCount "20"]
[EventDate "2003.05.16"]
[EventType "swiss"]
[EventRounds "7"]
[EventCountry "CAN"]
[Source "Mark Crowther"]
[SourceDate "2003.05.26"]

1. f4 Nf6 2. b3 g6 3. Bb2 Bg7 4. e3 O-O 5. Nf3 b6 6. Be2 Bb7 7. O-O d6 8. d3
Nbd7 9. c4 c5 10. Na3 a6 1/2-1/2

[Event "Paul Keres mem (28th)"]
[Site "Vancouver CAN"]
[Date "2003.05.19"]
[Round "6"]
[White "Martinson, Rick"]
[Black "Jung, William"]
[Result "1-0"]
[WhiteElo "1810"]
[BlackElo "1808"]
[PlyCount "45"]
[EventDate "2003.05.16"]
[EventType "swiss"]
[EventRounds "7"]
[EventCountry "CAN"]
[Source "Mark Crowther"]
[SourceDate "2003.05.26"]

1. d4 d5 2. c4 e6 3. Nc3 Nf6 4. Nf3 Be7 5. Bf4 c6 6. e3 Nbd7 7. c5 O-O 8. Bd3
Re8 9. Qc2 Nf8 10. h3 Nh5 11. Bh2 g6 12. O-O Ng7 13. Rfb1 Nd7 14. a4 b6 15. b4
bxc5 16. bxc5 a5 17. Rb2 Ba6 18. Bxa6 Rxa6 19. Rb7 Bf8 20. Rab1 f6 21. e4 dxe4
22. Nxe4 Nf5 23. Rxd7 1-0